| 000 | 00000nam##2200000za#4500 |
| 001 | 9.572645 |
| 003 | CaOODSP |
| 005 | 20210624183322 |
| 007 | cr ||||||||||| |
| 008 | 150406|2007||||xxc|||||o f|0| 0 eng|d |
| 022 | |a1701-1280 |
| 040 | |aCaOODSP|beng |
| 043 | |an-cn--- |
| 086 | 1 |aFs70-4/2006-013E-PDF |
| 110 | 1 |aCanada. |bDepartment of Fisheries and Oceans. |
| 245 | 10|aProceeding of the national peer review meeting on impacts of trawl gears and scallop dredges on benthic habitats, populations and communities : |h[electronic resource]|bMarch 22-24, 2006, Queen Elizabeth Hotel, Montreal (Quebec) / |cJake Rice, chairperson ; Jean G. Landry, editor. |
| 260 | |aOttawa - Ontario : |bFisheries and Oceans Canada |cJanuary 2007. |
| 300 | |a94p.|bcoloured maps, references, tables |
| 490 | 1 |aCanadian Science Advisory Secretariat proceedings series|x1701-1280|v2006/013 |
| 546 | |aChiefly English, with bilingual summary. |
| 590 | |a11-31-Supp|b2011-12-13 |
| 720 | 1 |aRice, Jake |
| 720 | 1 |aLandry, Jean G. |
| 775 | 08|tCompte rendu de la réunion de l'examen national par les pairs sur les impacts des engins de chalutage et des dragues à pétoncles sur les habitats, les populations et les communautés benthiques |w(CaOODSP)9.602987 |
| 830 | #0|aProceedings series (Canadian Science Advisory Secretariat)|x1701-1280|v2006/013|w(CaOODSP)9.506483 |
| 856 | 40|ahttp://publications.gc.ca|qPDF|s1.45 MB|uhttps://publications.gc.ca/collections/collection_2011/mpo-dfo/Fs70-4-2006-013-eng.pdf|y2006/013 |